LEADER 01100nam a2200265 i 4500 001 000000343036 003 CaOOAMICUS 005 20201120121200.0 008 201120s1965 it u000 u ita u 013 $a104192 040 $aSeMil$bita 100 1 $aCongar, Yves,$c.$0(OLS)http://semarc/name/3722 240 10$aAspects de l'Oecumenisme.$0(OLS)http://semarc/title/431989 245 10$aAspetti dell'ecumenismo /$cYves Congar. 260 $aTorino :$bMarietti,$c1965. 300 $a122 p. ;$c22 cm 500 $aTraduzione italiana a cura del Dott. Antonetto Roberto 650 4$aEcumenismo - Studi.$0(OLS)http://semarc/subject/13762 700 1 $aAntonetto, Roberto,$etraduttore.$0(OLS)http://semarc/name/42579 830 0$aIn atriis Domini ;$v26.$0(OLS)http://semarc/title/6549 850 $aSeMil 852 $aSeMil$W1$xVenegono$y1$m2K II 447$j222725$B234011$CSeMilBibl$Z2$F234011 $81 996 $6245$aAspetti dell'ecumenismo$9(OLS)http://semarc/title/431990 996 $6260$aTorino :$bMarietti$9(OLS)http://semarc/publisher/29916 LEADER 01474nam a2200229 i 4500 001 000000017799 003 CaOOAMICUS 005 20180830125443.0 008 180830n it u000 u ita u 040 $aSeMil$bita 100 0 $aDemosthenes,$d<384-322 a.C.>.$0(OLS)http://semarc/name/593 245 10$aDemosthenis orationes /$cRecognovit brevique adnotatione critica instruxit S. H. Butcher. 260 $aOxonii :$bE Typographeo Clarendoniano,$c[195-?]- 300 $av. ;$c19 cm. 700 1 $aButcher, S. H.$0(OLS)http://semarc/name/8091 773 0 $tScriptorum classicorum bibliotheca Oxoniensis.$dOxonii : E Typographeo Clarendoniano, [1900]?.$w()17535 774 0 $aDemosthenes <384-322 a.C.>$tTomus 1.$dOxonii : E Typographeo Clarendoniano, 1978.$kScriptorum classicorum bibliotheca Oxoniensis$z0-19-814518-7$g1$w()157928 774 0 $aDemosthenes <384-322 a.C.>$tTomus 2..$dOxonii : E Typographeo Clarendoniano, 1955.$kScriptorum classicorum bibliotheca Oxoniensis$g2$w()161303 774 0 $aDemosthenes <384-322 a.C.>$tTomus 2..$dOxonii : E Typographeo Clarendoniano, 1974.$kScriptorum classicorum bibliotheca Oxoniensis$g2$w()161304 774 0 $aDemosthenes <384-322 a.C.>$tTomus 3..$dOxonii : E Typographeo Clarendoniano, 1978.$kScriptorum classicorum bibliotheca Oxoniensis$z0-19-814521-7$g3$w()161305 996 $6245$aDemosthenis orationes$9(OLS)http://semarc/title/23515 996 $6260$aOxonii :$bE Typographeo Clarendoniano$9(OLS)http://semarc/publisher/30099